000 00599nam a2200205Ia 4500
005 20250923145531.0
008 008 250917s9999 xx 000 0 eng d
037 _aTextual
040 _aDSWL
_beng
_cDSWL
041 _aeng
_2eng
084 _aYX0gSM9, N80
_qDSWL
100 _aYelloly, Margaret
_9836314
245 0 _aSocial work theory and psycho analysis
_c by Margaret Yelloly
260 _aNew York
_b Van Nostrand Reinhood Co.
_c1980
300 _ax,232 p.
365 _aINR
_b77.27
925 _g77.27
942 _cTEXL
_hYX0gSM9, N80
999 _c1452551
_d1452551